00469 a2200121 4500001001000000005001700010008004100027245013300068100002500201700003600226773006800262999001700330ART_4057520260410162005.0260409a 10aBreve análisis de la responsabilidad civil de los concesionarios viales a la luz del Código Civil y Comercail de la Nación1 aParrilli, Ernesto N.1 aRebaudi Basavilbaso, Ignacio M.0 tTemas de derecho civilg- Año 2, Nº 10 (oct. 2016)wREV34778 c31647d31647